书目信息 |
| 题名: |
定位图书流通
|
|
| 作者: | 陈悟朝 著 | |
| 分册: | ||
| 出版信息: | 北京 中国书籍出版社 2005 |
|
| 页数: | 253页 | |
| 开本: | 21cm | |
| 丛书名: | 人文博士前沿论丛 | |
| 单 册: | ||
| 中图分类: | G23 | |
| 科图分类: | ||
| 主题词: | 图书--出版发行--研究 , 图书 , 出版发行 | |
| 电子资源: | ||
| ISBN: | 7-5068-1311-4 | |
| 000 | 00897oam2 2200277 450 | |
| 001 | 1557463530 | |
| 005 | 20150124155807.92 | |
| 010 | @a7-5068-1311-4@dCNY16.00 | |
| 100 | @a20050628d2005 kemy0chiy50 ea | |
| 101 | 0 | @achi |
| 102 | @aCN@b110000 | |
| 105 | @ay z 000yy | |
| 200 | 1 | @a定位图书流通@9ding wei tu shu liu tong@dResearch on books circulation@f陈悟朝著@zeng |
| 210 | @a北京@c中国书籍出版社@d2005 | |
| 215 | @a253页@d21cm | |
| 225 | 2 | @a人文博士前沿论丛 |
| 330 | @a本书阐述了图书流通的概念,分析了图书流通的产业属性,研究了图书流通的制度规律,提出了发展图书流通业的政策建议。 | |
| 461 | 0 | @12001 @a人文博士前沿论丛 |
| 510 | 1 | @aResearch on books circulation@zeng |
| 606 | 0 | @a图书@x出版发行@x研究 |
| 606 | 0 | @a图书 |
| 606 | 0 | @a出版发行 |
| 690 | @aG23@v5 | |
| 701 | 0 | @a陈悟朝@9chen wu chao@f(1970.11~)@4著 |
| 801 | 0 | @aCN@bTSSF@c20150124 |
| 905 | @aZUCC@dG23@eJY1 | |
| 定位图书流通=Research on books circulation/陈悟朝著.-北京:中国书籍出版社,2005 |
| 253页;21cm.-(人文博士前沿论丛) |
| ISBN 7-5068-1311-4:CNY16.00 |
| 本书阐述了图书流通的概念,分析了图书流通的产业属性,研究了图书流通的制度规律,提出了发展图书流通业的政策建议。 |
| ● |
| 相关链接 |
|
|
|
|
正题名:定位图书流通
索取号:G23/JY1
 
预约/预借
| 序号 | 登录号 | 条形码 | 馆藏地/架位号 | 状态 | 备注 |
| 1 | 7857028 | 278570280 | 学院路分馆/ [索取号:G23/JY1] | 在馆 |